<?xml version="1.0" encoding="UTF-8"?>
<record
    xmlns:xsi="http://www.w3.org/2001/XMLSchema-instance"
    xsi:schemaLocation="http://www.loc.gov/MARC21/slim http://www.loc.gov/standards/marcxml/schema/MARC21slim.xsd"
    xmlns="http://www.loc.gov/MARC21/slim">

  <leader>00900nam a2200193 i 4500</leader>
  <controlfield tag="001">161126</controlfield>
  <controlfield tag="003">ES-MaACL</controlfield>
  <controlfield tag="005">20250822063217.0</controlfield>
  <controlfield tag="008">990701s1845    sp           |||| | spa d</controlfield>
  <datafield tag="100" ind1="1" ind2=" ">
    <subfield code="a">Ortolan, Joseph Louis Elz&#xE9;ar, </subfield>
    <subfield code="d">1802-1873</subfield>
    <subfield code="9">130724</subfield>
  </datafield>
  <datafield tag="245" ind1="1" ind2="0">
    <subfield code="a">Curso de legislaci&#xF3;n penal comparada </subfield>
    <subfield code="b">: lecciones pronunciadas en la Facultad de Derecho de Par&#xED;s / </subfield>
    <subfield code="c">por M. Ortol&#xE1;n. De la pena de muerte en los partidos pol&#xED;ticos / por F. Guizot.</subfield>
  </datafield>
  <datafield tag="260" ind1=" " ind2=" ">
    <subfield code="a">Madrid : </subfield>
    <subfield code="b">[s.n.], </subfield>
    <subfield code="c">1845 (</subfield>
    <subfield code="f">Imp. de la Sociedad Literaria y Tipogr&#xE1;fica)</subfield>
  </datafield>
  <datafield tag="300" ind1=" " ind2=" ">
    <subfield code="a">221, 91 p. ; </subfield>
    <subfield code="c">23 cm.</subfield>
  </datafield>
  <datafield tag="490" ind1="1" ind2=" ">
    <subfield code="a">Biblioteca de jurisprudencia y legislaci&#xF3;n</subfield>
  </datafield>
  <datafield tag="650" ind1="0" ind2="7">
    <subfield code="a">Derecho penal</subfield>
    <subfield code="2">embne</subfield>
    <subfield code="9">11749</subfield>
  </datafield>
  <datafield tag="830" ind1="0" ind2=" ">
    <subfield code="a">Biblioteca de jurisprudencia y legislaci&#xF3;n</subfield>
    <subfield code="9">187709</subfield>
  </datafield>
  <datafield tag="852" ind1=" " ind2=" ">
    <subfield code="a">ES-MaACL</subfield>
    <subfield code="j">C-3230 </subfield>
    <subfield code="z">- Enc. hol. </subfield>
    <subfield code="q">- Contiene &#xFA;nicamente las 221 p. de las lecciones de Ortolan</subfield>
  </datafield>
  <datafield tag="999" ind1=" " ind2=" ">
    <subfield code="c">161126</subfield>
    <subfield code="d">161126</subfield>
  </datafield>
  <datafield tag="952" ind1=" " ind2=" ">
    <subfield code="0">0</subfield>
    <subfield code="1">0</subfield>
    <subfield code="4">0</subfield>
    <subfield code="7">0</subfield>
    <subfield code="8">LIBXIX</subfield>
    <subfield code="a">ATENEOM</subfield>
    <subfield code="b">ATENEOM</subfield>
    <subfield code="c">SPAL</subfield>
    <subfield code="d">2008-01-17</subfield>
    <subfield code="e">SSC</subfield>
    <subfield code="l">0</subfield>
    <subfield code="o">C-3230</subfield>
    <subfield code="p">1168765</subfield>
    <subfield code="r">2023-02-23 00:00:00</subfield>
    <subfield code="w">2023-02-23</subfield>
    <subfield code="y">MONANT</subfield>
  </datafield>
</record>
